000 00340nam a2200121Ia 4500
008 220217s9999||||xx |||||||||||||| ||und||
082 _a005.131 RED
100 _aReddy, Padma, A.M
245 0 _aFinit automata and formal languages
260 _aNandhi publications
_bBangalore
_c2005
300 _b180
650 _aPROGRAMMING LANGUAGE
999 _c174067
_d174067